Champions de National (1994- ) - Statistiques

Statistiques générales
  • Ce quiz a été pris 68 fois
  • Le résultat moyen est 14 sur 25
Statistiques - réponses
Titre(s) Année(s) Clubs % Correct
1 2016 RC Strasbourg
83%
2 2015, 2018 Red Star FC
81%
2 2011, 2021 SC Bastia
78%
1 1998 AC Ajaccio
76%
1 2001 Grenoble Foot 38
72%
1 2022 Stade Lavallois MFC
71%
2 2002, 2007 Clermont Foot 63
69%
2 1997, 2012 Nîmes Olympique
69%
1 2005 Valenciennes FC
69%
1 2010 Évian Thonon Gaillard FC
64%
1 2014 US Orléans
64%
1 2020 Pau FC
60%
1 2019 Rodez AF
60%
1 1995 FC Lorient
59%
1 2004 Stade de Reims
59%
2 1994, 2017 LB Châteauroux
57%
1 2006 Chamois niortais FC
55%
1 2023 US Concarneau
55%
1 2009 Istres FC
48%
1 2013 US Créteil-Lusitanos
41%
1 1996 SC Toulon
40%
1 2008 Vannes OC
40%
1 2003 Besançon RC
31%
1 2000 AS Beauvais
28%
1 1999 CS Louhans-Cuiseaux
16%
Aucun quiz correspondant
Distribution des résultats
% des personnes avec chaque résultat
Percentile par nombre de réponses
Votre historique - résultats
Vous n’avez pas pris ce quiz